000 00298nam a22001337a 4500
008 170922b xxu||||| |||| 00| 0 eng d
020 _a9780312473587
041 _aeng
080 _25TH
_a37
100 _a46
101 _aEDU
245 _aTHE PRESENCE OF OTHERS
_cLUNSFORD,A.A
942 _2udc
_cBK
999 _c29269
_d29269